Del movimiento femenino brasileño a la violencia contra la mujer en el ámbito familiar: datos y definiciones (Record no. 204216)

MARC details
000 -CABECERA
campo de control de longitud fija 01825nab a2200253 a 4500
005 - FECHA Y HORA DE LA ÚLTIMA TRANSACCIÓN
campo de control 20240925070136.0
008 - ELEMENTOS DE LONGITUD FIJA--INFORMACIÓN GENERAL
campo de control de longitud fija 991125c2019 sp ar p o 000 0 spa d
035 ## - NÚMERO DE CONTROL DEL SISTEMA
Número de control de sistema UPN01000232121
040 ## - FUENTE DE LA CATALOGACIÓN
Centro catalogador/agencia de origen MX-MxUPN
Lengua de catalogación spa
Centro/agencia transcriptor MX-MxUPN
Normas de descripción aacr2
049 ## - COLECCIÓN
Colección ART-E
100 1# - ASIENTO PRINCIPAL--NOMBRE PERSONAL
Nombre de persona Pimentel Santos, Wéllia
Enlace - welliapimentel@hotmail.com
245 10 - MENCIÓN DE TÍTULO
Título Del movimiento femenino brasileño a la violencia contra la mujer en el ámbito familiar: datos y definiciones
Medio [recurso electrónico en línea]
506 0# - NOTA DE RESTRICCIONES AL ACCESO
Limitaciones de acceso Acceso abierto
520 3# - NOTA DE RESUMEN, ETC.
Sumario, etc. Actualmente somos capaces de acompañar lo que está sucediendo en todo el mundo. Los avances tecnológicos disminuyeron distancias y acercaron a las personas. Por otro lado, ciertas transformaciones de nuestro tiempo también crearon un enorme abismo entre ellas. Tenemos dificultades para percibir lo que está sucediendo a nuestro alrededor, tal como la violencia invisible que se esconde tras el prejuicio y los patrones culturales. La reflexión sobre las configuraciones familiares y sus desafíos es la propuesta de este artículo, al que se consubstancia en autores del área auxiliando la comprensión de la problemática de la violencia contra la mujer. Se realizará, por lo tanto, un estudio bibliográfico de carácter descriptivo y cualitativo, destacando la Ley Maria da Penha como una importante garantía en el marco de los derechos de las mujeres brasileñas.
650 #4 - ASIENTO SECUNDARIO DE MATERIA - TERMINO TEMATICO
Término de materia o nombre geográfico como elemento de entrada Violencia
9 (RLIN) 7151
650 #2 - ASIENTO SECUNDARIO DE MATERIA - TERMINO TEMATICO
Término de materia o nombre geográfico como elemento de entrada Mujeres
9 (RLIN) 7160
650 #4 - ASIENTO SECUNDARIO DE MATERIA - TERMINO TEMATICO
Término de materia o nombre geográfico como elemento de entrada Familias
9 (RLIN) 44286
653 05 - TERMINO DE INDIZACION - NO CONTROLADO
Término no controlado Brasil
773 ## - ENLACE AL DOCUMENTO FUENTE/ENTRADA DE REGISTRO ANFITRIÓN
Parte(s) relacionada(s) No. 14 (2019), p. 189-206
Título Cuestiones de género : de la igualdad y la diferencia
Número Internacional Normalizado para Publicaciones Seriadas 1699-597X
856 40 - LOCALIZACIÓN Y ACCESO ELECTRÓNICOS
Identificador Uniforme del Recurso <a href="http://revpubli.unileon.es/index.php/cuestionesdegenero/article/view/5747/4474">http://revpubli.unileon.es/index.php/cuestionesdegenero/article/view/5747/4474</a>
902 ## - ELEMENTOS DE DATOS B LOCAL, LDB (RLIN)
Creó GloriaJiménez/251022
Modificó GloriaJiménez/251022
905 ## - TIPO DE MATERIAL
Tipo de material Articulo
942 ## - ELEMENTOS DE PUNTO DE ACCESO ADICIONAL (KOHA)
Tipo de ítem Koha Artículo Electrónico
Holdings
Estado de retiro Estado de pérdida Estado dañado No para préstamo Código de colección Localización permanente Ubicación/localización actual Ubicación en estantería Fecha de adquisición Total de préstamos Fecha visto por última vez Identificador Uniforme del Recurso Precio válido a partir de Tipo de ítem Koha
        Acceso abierto Bib. Gregorio Torres Quintero Bib. Gregorio Torres Quintero En línea 25/11/2022   25/11/2022 http://revpubli.unileon.es/index.php/cuestionesdegenero/article/view/5747/4474 25/11/2022 Artículo Electrónico